The Urban Christian (Record no. 8551)

MARC details
000 -LEADER
fixed length control field 00460nam a2200181 a 4500
001 - CONTROL NUMBER
control field 0000-8551
003 - CONTROL NUMBER IDENTIFIER
control field ELIB.Books
008 - FIXED-LENGTH DATA ELEMENTS--GENERAL INFORMATION
fixed length control field 110520 1987
020 ## - INTERNATIONAL STANDARD BOOK NUMBER
International Standard Book Number 0877845239
035 ## - SYSTEM CONTROL NUMBER
System control number (ELIB.Books)0000-8697
082 ## - DEWEY DECIMAL CLASSIFICATION NUMBER
Classification number 253.09
Item number Bak
100 ## - MAIN ENTRY--PERSONAL NAME
Personal name Bakke, Ray
245 ## - TITLE STATEMENT
Title The Urban Christian
260 ## - PUBLICATION, DISTRIBUTION, ETC. (IMPRINT)
Name of publisher, distributor, etc. Illinois: Inter-varsity Press
Date of publication, distribution, etc. 1987
650 ## - SUBJECT ADDED ENTRY--TOPICAL TERM
Topical term or geographic name as entry element Preaching
942 ## - ADDED ENTRY ELEMENTS (KOHA)
Source of classification or shelving scheme Dewey Decimal Classification
Koha item type Books
998 ## - LOCAL CONTROL INFORMATION (RLIN)
Cataloger's initials, CIN (RLIN) bat
-- 2011-05-20
-- cat
-- 2019-06-24
Holdings
Withdrawn status Lost status Source of classification or shelving scheme Damaged status Not for loan Home library Current library Date acquired Total Checkouts Barcode Date last seen Bill Date Koha item type
    Dewey Decimal Classification     Karen Baptist Theological Seminary Library Karen Baptist Theological Seminary Library 20/05/2011   2371, 3146 22/01/2022 22/01/2022 Books
Implemented & Customized by: BestBookBuddies

Powered by Koha